Biggest Cities in Sweden • A-Ö - Statistics

General Stats
  • This quiz has been taken 239 times
    193 since last reset
  • The average score is 14 of 23
Answer Stats
# Population Swedish city % Correct
S 1,515,017 Stockholm
99%
G 599,011 Gothenburg
97%
M 316,588 Malmö
96%
U 160,462 Uppsala
89%
Ö 120,650 Örebro
84%
J 96,996 Jönköping
82%
L 111,267 Linköping
82%
N 96,766 Norrköping
78%
V 122,953 Västerås
77%
H 109,869 Helsingborg
75%
K 64,031 Karlstad
67%
Y 28,985 Ystad
65%
E 69,816 Eskilstuna
64%
B 73,782 Borås
61%
F 38,356 Falun
49%
P 23,350 Piteå
44%
Ä 28,251 Ängelholm
42%
Å 9,065 Åmål
37%
T 49,897 Trollhättan
37%
O 17,258 Oskarshamn
34%
A 27,266 Alingsås
30%
R 12,029 Ronneby
27%
D 9,300 Djursholm
12%
No matching quizzes found
Score Distribution
Percent of People with Each Score
Percentile by Number Answered
Your Score History
You have not taken this quiz since the last reset